| 000 | 00581nam a22001817a 4500 | ||
|---|---|---|---|
| 005 | 20251108172004.0 | ||
| 008 | 250721s1995 xx 000 0 ara d | ||
| 082 | 1 | 4 | _a956.4/حمد |
| 100 | 1 | _aالحمد، جواد | |
| 245 | 1 | 0 | _aالشعب الفلسطيني ضحية الإرهاب و المذابح الصهيونية / |
| 264 | 1 |
_aعمان : _bدار البشير للنشر و التوزيع، _c1995. |
|
| 300 | _a153ص | ||
| 490 | 0 | _aفي الذاكرة الإنسانية | |
| 650 | 1 | 7 | _aفلسطين |
| 650 | 1 | 7 | _aتاريخ |
| 942 |
_2ddc _cBK |
||
| 999 |
_c67650 _d67650 |
||